00988nam a2200241 a 4500003000900000005001700009008004100026020001800067040002800085041000800113043001200121082002600133100002900159245021700188260003400405300002900439490003300468534005000501600008500551600004900636650003100685700003000716CO-ViMGA20230915233138.0120113s2010 sp a gr 00010 spa d a9788492769483 aCO-ViMGAbspacCO-ViMGA0 heng ae-uk-st04a741.59411 bC15s 2211 aCampbell, Eddie, d1955-10aSu apocalipsis doméstico : el destino del artistabuna novela autobiográfica, con anomalías tipográficas, en la cual el autor no aparece como él mismo /cEddie Campbell ; traducción Santiago García. aBilbao : bAstiberri, c2010. a96 p. : bil. ; c22 cm.0 aColección Sillón orejero pTítulo original : tThe fate of the artist.14aCampbell, Eddie, d1955-v Autobiografíasx Tiras cómicas, historietas, etc.14aCampbell, Eddie, d1955-v Novela gráfica.14aNovela gráfica escocesa.1 aGarcía, Santiago, etr.